| 000 | 00720cam a2200241 4500 | ||
|---|---|---|---|
| 999 |
_c342567 _d342567 |
||
| 001 | 4568369 | ||
| 003 | NUST | ||
| 005 | 20180105092107.0 | ||
| 008 | 740802s1975 nyu 001 0 eng | ||
| 010 | _a 74001822 | ||
| 020 | _a0060122692 | ||
| 020 | _a0060122684 (pbk.) | ||
| 040 |
_aDLC _cDLC _dDLC |
||
| 050 | 0 | 0 |
_aPN1994 _b.K32 |
| 082 | 0 | 0 |
_a791.437 _bKAU |
| 100 | 1 |
_aKauffmann, Stanley, _d1916-2013. _98033 |
|
| 245 | 1 | 0 |
_aLiving images; _bfilm comment and criticism. |
| 250 | _a[1st ed.] | ||
| 260 |
_aNew York, _bHarper & Row _c1975 |
||
| 300 |
_axii, 404 p. _c21 cm. |
||
| 650 | 0 |
_aMotion pictures _vReviews. _98034 |
|
| 906 |
_a7 _bcbc _corignew _d1 _eocip _f19 _gy-gencatlg |
||
| 942 |
_2ddc _cBK |
||